[Event "Challenge"]
[Site "http://www.queenalice.com/game.php?id=558184"]
[Date "2009.3.19"]
[Round "-"]
[White "Ebbe"]
[Black "bishopali"]
[Result "1-0"]
[WhiteElo "1493"]
[BlackElo "1457"]

1. e4 e5 2. d4 exd4 3. e5 c5 4. c3 Qh4 5. Nf3 Qe4+ 6. Be2 c4 7. Nbd2 Qd5 8. Bxc4
Qa5 9. b4 Qb6 10. Nxd4 Bxb4 11. cxb4 Qxd4 12. Rb1 Qxe5+ 13. Be2 Nf6 14. Bb2 Qe6
15. a4 b6 16. O-O Bb7 17. Bf3 d5 18. Re1 Ne4 19. Qc2 Qf5 20. Nxe4 O-O 21. Nf6+
gxf6 22. Qxf5 Na6 23. Qg4+ 1-0

[Event "Chesspionship #1"]
[Site "http://www.queenalice.com/game.php?id=567610"]
[Date "2009.4.6"]
[Round "4"]
[White "soonersam"]
[Black "bishopali"]
[Result "0-1"]
[WhiteElo "1081"]
[BlackElo "1427"]

1. e4 e5 2. Nf3 Bd6 3. Nc3 c6 4. d3 Bb4 5. Nxe5 Bxc3+ 6. bxc3 d6 7. Nc4 d5 8.
exd5 cxd5 9. Nb2 Nc6 10. g3 Nf6 11. Qe2+ Be6 12. c4 Nd4 13. Qe3 Nxc2+ 14. Kd1
Nxe3+ 0-1

[Event "Kraj´s Challenge"]
[Site "http://www.queenalice.com/game.php?id=601630"]
[Date "2009.6.11"]
[Round "-"]
[White "bishopali"]
[Black "Krajnicov"]
[Result "1-0"]
[WhiteElo "1403"]
[BlackElo "1452"]

1. e4 e5 2. d3 Qf6 3. Be3 b6 4. a3 Bc5 5. Bxc5 bxc5 6. Nd2 h5 7. h4 Qf4 8. g3
Qh6 9. Qf3 d6 10. Bh3 Bg4 11. Bxg4 hxg4 12. Qxg4 Nf6 13. Qc8+ Ke7 14. Qxc7+ Ke6
15. Nc4 Ne8 16. Qc8+ Nd7 17. Qxa8 Nb6 18. Nxb6 Nc7 19. Qxa7 Nb5 20. Qd7+ Kf6 21.
Nd5+ Kg6 22. Qf5# 1-0

[Event "1st game"]
[Site "http://www.queenalice.com/game.php?id=606960"]
[Date "2009.6.21"]
[Round "-"]
[White "Mr_SPOCK"]
[Black "bishopali"]
[Result "1-0"]
[WhiteElo "1492"]
[BlackElo "1429"]

1. e4 e5 2. Qh5 d6 3. Bc4 g6 4. Qf3 Nf6 5. d4 Bg4 6. Qb3 Nbd7 7. Nh3 Qe7 8.
Bxf7+ Kd8 9. Bg5 h6 10. f3 d5 11. fxg4 Qxf7 12. dxe5 Nxe5 13. exd5 Rb8 14. Nf4
Kc8 15. Ne6 Nfxg4 16. Bf4 g5 17. O-O b6 18. Nd2 Bc5+ 19. Kh1 Nf2+ 20. Rxf2 Bxf2
21. g3 Qh5 22. Qc3 Rb7 23. Bxe5 Rh7 24. d6 Bxg3 25. Bxg3 g4 26. Nxc7 Kd7 27. Ne4
Rf7 28. Na6 Qd5 29. Re1 Qc6 30. Qe5 Kc8 31. Qh8+ Kd7 32. Kg2 Qxc2+ 33. Nf2 Kc6
34. Nb4+ Kb5 35. Nxc2 a5 36. a4+ Kxa4 37. Re4+ Kb3 38. Qc3+ 1-0

[Event "Round 2 ;)"]
[Site "http://www.queenalice.com/game.php?id=608653"]
[Date "2009.6.25"]
[Round "-"]
[White "bishopali"]
[Black "Mr_SPOCK"]
[Result "0-1"]
[WhiteElo "1416"]
[BlackElo "1480"]

1. e4 e5 2. c4 d5 3. exd5 Bc5 4. Nf3 Nf6 5. d3 Bg4 6. Be2 O-O 7. Nxe5 Bxf2+ 8.
Kxf2 Bf5 9. h3 Na6 10. g4 Nc5 11. gxf5 Qe7 12. Bf4 c6 13. b4 Ncd7 14. Bh6 gxh6
15. Rg1+ Kh8 16. Ng6+ hxg6 17. fxg6 Nh5 18. Qd2 Qh4+ 19. Kf1 fxg6+ 20. Bf3 Rxf3+
21. Ke2 Rf2+ 22. Kd1 Rxd2+ 23. Nxd2 Re8 24. Ne4 Nf4 25. Rg4 Qxh3 26. Nf2 Qf1+
27. Kc2 Re2+ 28. Kb3 Qxa1 29. d4 Qxa2+ 30. Kc3 Qc2# 0-1

[Event "Round 3 ;))"]
[Site "http://www.queenalice.com/game.php?id=609184"]
[Date "2009.6.26"]
[Round "-"]
[White "Mr_SPOCK"]
[Black "bishopali"]
[Result "0-1"]
[WhiteElo "1493"]
[BlackElo "1421"]

1. e4 e5 2. Qh5 Nc6 3. Bc4 g6 4. Qf3 Nf6 5. d3 Nd4 6. Qd1 c5 7. c3 b5 8. Bd5 Rb8
9. cxd4 cxd4 10. Nf3 Bb4+ 11. Bd2 Bb7 12. Bxb4 Bxd5 13. exd5 Nxd5 14. Bd6 Rc8
15. Bxe5 Qa5+ 16. Nfd2 Qa4 17. b3 Qa5 18. Bxh8 Nf4 19. O-O Nxd3 20. Ne4 Rc1 21.
Nd6+ Kf8 22. Qf3 Rxf1+ 23. Kxf1 Qe1# 0-1

[Event "Round 4 :("]
[Site "http://www.queenalice.com/game.php?id=610110"]
[Date "2009.6.28"]
[Round "-"]
[White "bishopali"]
[Black "Mr_SPOCK"]
[Result "1-0"]
[WhiteElo "1440"]
[BlackElo "1512"]

1. e4 e5 2. c3 Qh4 3. d3 Bc5 4. g3 Qf6 5. Qf3 Qb6 6. Nh3 c6 7. b4 Bd6 8. Ng5 Nh6
9. Nh3 Ng8 10. Nd2 a5 11. Nc4 Qc7 12. Ng5 Nh6 13. bxa5 b6 14. Nxb6 Rxa5 15. Nc4
Qa7 16. Nxd6+ Kd8 17. Ndxf7+ Kc7 18. Nxh8 d6 19. Bh3 Bb7 20. Ne6+ Kb6 21. d4 Ba6
22. Be3 Ra3 23. Rb1+ Bb5 24. c4 Qa5+ 25. Kf1 Ka7 26. dxe5+ c5 27. cxb5 Rxa2 28.
b6+ Ka6 29. b7 Ra1 30. Kg2 Ra4 31. exd6 Rb4 32. Nxc5+ Kb5 33. Ra1 Qd8 34. Qe2+
Kc6 35. e5 Qxh8 36. Qf3+ Kb5 37. Ra8 Nf7 38. Qxf7 Qc8 39. Bxc8 Nc6 40. b8=Q+
Nxb8 41. Rxb8+ Ka5 42. Qa2+ Ra4 43. Qxa4# 1-0

[Event "Challenge"]
[Site "http://www.queenalice.com/game.php?id=610143"]
[Date "2009.6.28"]
[Round "-"]
[White "bishopali"]
[Black "feramach"]
[Result "0-1"]
[WhiteElo "1440"]
[BlackElo "1664"]

1. e4 e5 2. c4 Nf6 3. Nc3 c6 4. d4 exd4 5. Qxd4 Qe7 6. c5 h6 7. Be2 b5 8. cxb6
axb6 9. Qxb6 Qd6 10. Nb5 cxb5 11. Qxb5 Nxe4 12. Qc4 Qb4+ 13. Kf1 Qxc4 14. Bxc4
Bb7 15. Be3 Be7 16. f3 Nd6 17. Re1 Nxc4 18. Bf4 Nc6 19. b3 Nb2 20. Rd1 Nxd1 21.
Ne2 g5 22. Bc1 Rxa2 23. g4 Rc2 24. Ke1 Nc3 25. Nxc3 Rxc1+ 26. Nd1 Bb4+ 27. Ke2
Ba6+ 28. Ke3 Bc5+ 29. Ke4 O-O 30. h4 Re8+ 31. Kf5 Bd3+ 32. Kf6 Re6# 0-1

[Event "Round 5 :(("]
[Site "http://www.queenalice.com/game.php?id=612548"]
[Date "2009.7.3"]
[Round "-"]
[White "Mr_SPOCK"]
[Black "bishopali"]
[Result "0-1"]
[WhiteElo "1504"]
[BlackElo "1459"]

1. e4 e5 2. Nf3 Bd6 3. d4 exd4 4. Nxd4 Qe7 5. Be3 Qxe4 6. Nc3 Bb4 7. Bd3 Qxg2 8.
Nb5 Qxh1+ 9. Bf1 Qxh2 10. Bd2 Qe5+ 11. Be3 c6 12. Nc7+ Qxc7 13. Qf3 Nf6 14.
O-O-O d5 15. Bg5 Qe7 16. Be3 Ba3 17. Re1 Bxb2+ 18. Kb1 Bxc3 19. Bd2 Be6 20. Bxc3
d4 21. Bd2 Nbd7 22. Bc4 O-O 23. Bh6 Qb4+ 24. Bb3 Qxe1+ 25. Bc1 Nc5 26. Bxe6 Nxe6
27. Kb2 h6 28. Bxh6 a5 29. Bxg7 Qb4+ 30. Kc1 Rfe8 31. Qxf6 Nxg7 32. f4 Re1# 0-1

[Event "Round 6 :((("]
[Site "http://www.queenalice.com/game.php?id=613591"]
[Date "2009.7.5"]
[Round "-"]
[White "bishopali"]
[Black "Mr_SPOCK"]
[Result "0-1"]
[WhiteElo "1477"]
[BlackElo "1460"]

1. c3 e5 2. e4 Nf6 3. d3 Nc6 4. Qf3 Bc5 5. Nh3 d6 6. Ng5 Bg4 7. Qg3 O-O 8. b4
Bb6 9. h3 Bh5 10. Bb2 a5 11. b5 Ne7 12. Nd2 c6 13. d4 exd4 14. cxd4 cxb5 15.
Bxb5 Nc6 16. d5 Bd4 17. Rb1 Bxb2 18. Rxb2 Nd4 19. f3 Rc8 20. Nc4 Rc5 21. Qf4
Nxb5 22. e5 Nxd5 23. Qe4 Qxg5 24. exd6 Qc1+ 25. Kf2 Qxh1 26. Re2 Ndc3 27. Qe8
Nxe2 28. d7 Qg1+ 29. Kxe2 Nc7 30. Qe7 Rd5 31. Ne3 f6 32. Nxd5 Qxg2+ 33. Kd3
Qxf3+ 34. Ne3 Bg6+ 35. Kd2 Qf2+ 36. Kc1 Qe1+ 37. Kb2 Qb1+ 38. Ka3 Qd3+ 39. Kb2
Qb1+ 40. Ka3 Qc1+ 41. Ka4 Qc6+ 42. Kxa5 Qb5# 0-1

[Event "Round 7 ;)"]
[Site "http://www.queenalice.com/game.php?id=616353"]
[Date "2009.7.10"]
[Round "-"]
[White "Mr_SPOCK"]
[Black "bishopali"]
[Result "1-0"]
[WhiteElo "1434"]
[BlackElo "1455"]

1. e4 e5 2. Qh5 Nc6 3. Bc4 g6 4. Qf3 Nh6 5. d3 Nd4 6. Qd1 b5 7. Bd5 c6 8. Bxf7+
Nxf7 9. Nf3 Qa5+ 10. Bd2 Qa4 11. Nc3 Nxf3+ 12. gxf3 Qb4 13. b3 Bc5 14. a3 Qd4
15. O-O d6 16. Ne2 Qb2 17. Bc3 Qxa3 18. Rxa3 Bxa3 19. d4 Bh3 20. Re1 b4 21. dxe5
dxe5 22. Ba1 Rd8 23. Qb1 O-O 24. Rd1 Rde8 25. c3 Ng5 26. cxb4 Bxb4 27. Qa2 Re7
28. Qa4 Rb7 29. Qxc6 Rbf7 30. Qd5 Nxf3+ 31. Kh1 Bg2+ 32. Kxg2 Ne1+ 33. Kh3 Nf3
34. Bxe5 Nxe5 35. Nd4 Nd7 36. Nc6 Nb6 37. Ne7+ Bxe7 38. Qe6 Kg7 39. e5 Rf3+ 40.
Kg2 Rxf2+ 41. Kh1 Nc8 42. h4 Bxh4 43. Qd7+ Be7 44. Qd4 Kh6 45. Rg1 R8f3 46. Qd7
Bg5 47. Rg2 Rf1+ 48. Rg1 Bf4 49. Qxc8 Bxe5 50. Rxf1 Rxf1+ 51. Kg2 Rf5 52. Qc1+
Bf4 53. Qh1+ Rh5 54. Qe1 Rg5+ 55. Kf3 Rg3+ 56. Kxf4 Rxb3 57. Ke5 a5 58. Kf6 Rf3+
59. Ke6 Rf5 60. Qd2+ Rg5 61. Kf6 1-0

[Event "Round 8 :))"]
[Site "http://www.queenalice.com/game.php?id=622319"]
[Date "2009.7.21"]
[Round "-"]
[White "bishopali"]
[Black "Mr_SPOCK"]
[Result "1-0"]
[WhiteElo "1438"]
[BlackElo "1478"]

1. c4 e5 2. e4 Bc5 3. Nh3 d6 4. Nc3 Bxh3 5. gxh3 Qf6 6. Qe2 Nc6 7. Nd5 Qd8 8. d3
Nd4 9. Qd1 Nf6 10. Bg5 c6 11. Nc3 b5 12. Rg1 Qa5 13. Rg2 b4 14. Na4 Nc2+ 15.
Qxc2 b3+ 16. Qc3 Bb4 17. Qxb4 Qxb4+ 18. Nc3 Qa5 19. Bd2 bxa2 20. Nxa2 Qa4 21.
Rxg7 Rb8 22. Bc3 Rb3 23. Be2 Ke7 24. Bd1 Rg8 25. Rxg8 Nxg8 26. Bxb3 Qxb3 27. Kd2
d5 28. Nc1 Qb6 29. Ne2 Qxf2 30. Bxe5 f6 31. Bd4 Qxh2 32. Bc5+ Ke6 33. cxd5+ cxd5
34. Ra6+ Kf7 35. Rxa7+ Kg6 36. Bd4 Qxh3 37. Nf4+ Kh6 38. Nxh3 Kg6 39. exd5 h5
40. Nf4+ Kg5 41. Be3 h4 42. Rg7+ Kf5 43. d6 h3 44. Nxh3 Ke6 45. d7 Ne7 46. d8=Q
Nc6 47. Nf4+ Kf5 48. Qd5+ Ne5 49. Qe4# 1-0

[Event "Challenge"]
[Site "http://www.queenalice.com/game.php?id=623975"]
[Date "2009.7.24"]
[Round "-"]
[White "bishopali"]
[Black "rdaigle2003"]
[Result "0-1"]
[WhiteElo "1456"]
[BlackElo "1697"]

1. e4 c5 2. c4 d6 3. Nc3 e5 4. Nd5 Nf6 5. d3 Nxd5 6. cxd5 Nd7 7. Qa4 Be7 8. Nf3
O-O 9. h4 Nb6 10. Qa5 Bg4 11. Ng5 h6 12. f3 Bd7 13. b3 f6 14. Qd2 fxg5 15. h5 g4
16. Be2 Bh4+ 17. Kd1 gxf3 18. gxf3 Qg5 19. Qxg5 Bxg5 20. Bxg5 hxg5 21. h6 Rf7
22. h7+ Kh8 23. Kd2 Rf6 24. a4 Rh6 25. a5 Nc8 26. a6 b5 27. Rag1 Kxh7 28. Bf1
Rxh1 29. Rxh1+ Kg6 30. Bh3 Bxh3 31. Rxh3 Nb6 32. Ke3 c4 33. Kd2 Rc8 34. bxc4
bxc4 35. dxc4 Nxc4+ 36. Kd3 Na3 37. Rh2 Nb5 38. Rc2 Rxc2 39. Kxc2 Nd4+ 40. Kd2
Nxf3+ 41. Ke3 Nd4 42. Kd3 g4 43. Ke3 Kg5 44. Kf2 Kh4 45. Kg2 g3 46. Kf1 Kh3 47.
Kg1 g2 0-1

[Event "Round 9 :("]
[Site "http://www.queenalice.com/game.php?id=625188"]
[Date "2009.7.26"]
[Round "-"]
[White "Mr_SPOCK"]
[Black "bishopali"]
[Result "0-1"]
[WhiteElo "1494"]
[BlackElo "1450"]

1. e4 e5 2. Qh5 d6 3. Bc4 g6 4. Qf3 Nh6 5. d3 Bg4 6. Qg3 g5 7. Nf3 Bxf3 8. Bxg5
Rg8 9. Bxf7+ Nxf7 10. Bxd8 Rxg3 11. hxg3 Bxg2 12. Rxh7 Nd7 13. Bh4 Be7 14. Nc3
Bxh4 15. gxh4 Nf6 16. Rg7 Bh3 17. O-O-O Ke7 18. h5 c6 19. Ne2 Nxh5 20. Rg6 Nf6
21. Ng1 Rg8 22. Rxg8 Nxg8 23. Nxh3 Kf6 24. Rg1 Ngh6 25. f4 c5 26. fxe5+ dxe5 27.
Rf1+ Ke6 28. c3 b6 29. d4 exd4 30. cxd4 cxd4 31. Re1 Ke5 32. Kd2 Ng4 33. Kd3 Nd6
34. Rf1 Nxe4 35. Rf8 Nc5+ 36. Kc4 Ne3+ 37. Kb5 Ne6 38. Re8 Nd5 39. Ng5 Nc7+ 40.
Ka4 Nxe8 41. Nf3+ Ke4 42. Nd2+ Kd5 43. b4 N8c7 44. Nf3 b5+ 45. Kb3 a5 46. bxa5
Nc5+ 47. Kc2 d3+ 48. Kd2 b4 49. Ne1 Kd4 50. Nf3+ Kd5 51. Ne1 Ke4 52. a6 N7xa6
53. Ng2 b3 54. axb3 Nxb3+ 55. Kd1 Nac5 56. Nh4 d2 57. Ng2 Nd3 58. Ne3 Kxe3 59.
Kc2 Ndc1 60. Kd1 Kf2 61. Kc2 Ke1 62. Kb2 d1=Q 63. Ka3 Nd3 64. Ka4 Ndc5+ 65. Kb4
Qd4+ 66. Kb5 Qa4+ 67. Kb6 Nd7+ 68. Kb7 Qc4 69. Ka7 Nbc5 70. Ka8 Qa6# 0-1

[Event "Summer showdown"]
[Site "http://www.queenalice.com/game.php?id=625891"]
[Date "2009.7.28"]
[Round "-"]
[White "catfishcore"]
[Black "bishopali"]
[Result "0-1"]
[WhiteElo "1580"]
[BlackElo "1499"]

1. d4 e6 2. Nf3 d6 3. e4 Nf6 4. Nc3 c6 5. h3 b5 6. a3 d5 7. e5 Ne4 8. Nxe4 dxe4
9. Ng5 Qd5 10. Qe2 Qxd4 11. c3 Qxe5 12. Nxe4 Be7 13. g3 O-O 14. Bg2 Ba6 15. O-O
b4 16. c4 Rd8 17. Bf4 Qf5 18. axb4 Bxb4 19. b3 Rd4 20. Be3 Rd7 21. Qb2 f6 22.
Ra4 Ba5 23. Nc5 Rd8 24. Rxa5 h5 25. Qa2 Bc8 26. Kh2 a6 27. Be4 Qe5 28. Qa3 Nd7
29. Bxc6 Ra7 30. Nd3 Qc3 31. Rxh5 Qxd3 32. Qe7 Rf8 33. Bh6 Rf7 34. Qxe6 Qxf1 35.
Qe8+ Nf8 36. Qxc8 Qxf2+ 37. Bg2 Qd4 38. Rh4 Qd7 39. Qc5 f5 40. Bc6 Qe7 41. Bd5
Qxc5 42. Bxf7+ Rxf7 43. Bg5 Qf2+ 44. Kh1 Qxg3 0-1

[Event "Summer showdown II"]
[Site "http://www.queenalice.com/game.php?id=625892"]
[Date "2009.7.28"]
[Round "-"]
[White "bishopali"]
[Black "catfishcore"]
[Result "1-0"]
[WhiteElo "1478"]
[BlackElo "1601"]

1. e4 e6 2. c3 a6 3. d3 Nc6 4. Nf3 h6 5. Be2 g5 6. e5 b6 7. Nd4 Nxe5 8. f4 gxf4
9. Bxf4 Qh4+ 10. Bg3 Qf6 11. Rf1 Qg6 12. Bxe5 Rh7 13. Bxc7 Qxg2 14. Nd2 Qxh2 15.
Bxh2 Nf6 16. Rxf6 Be7 17. Rf3 Bh4+ 18. Bg3 Bg5 19. Ne4 Be7 20. Bf4 h5 21. Rg3
Bh4 22. Nf6+ Kd8 23. Nxh7 Bxg3+ 24. Bxg3 Bb7 25. Nf6 Ke7 26. Bh4 Kd8 27. Qb3 b5
28. Bxh5 Kc8 29. Bxf7 Kc7 30. Qb4 Rh8 31. Bg3+ Kd8 32. Qa5+ Ke7 33. Be5 Rh1+ 34.
Ke2 Rxa1 35. Qb6 Bc8 36. Qc7 Kxf7 37. Qxc8 Rxa2 38. Qxd7+ Kg6 39. Qh7+ Kg5 40.
Nf3# 1-0

[Event ":(("]
[Site "http://www.queenalice.com/game.php?id=626796"]
[Date "2009.7.29"]
[Round "-"]
[White "bishopali"]
[Black "Mr_SPOCK"]
[Result "0-1"]
[WhiteElo "1494"]
[BlackElo "1499"]

1. e4 e5 2. Nf3 Nc6 3. c3 Bc5 4. Bb5 Bxf2+ 5. Kxf2 Nf6 6. Re1 Ng4+ 7. Kg1 O-O 8.
h3 Nf6 9. d4 Nxe4 10. Rxe4 d5 11. Rh4 a6 12. Bxc6 bxc6 13. Bg5 f6 14. Be3 e4 15.
Nfd2 g5 16. Rh6 Rb8 17. b3 Qd6 18. Nf1 Kg7 19. Qh5 Bf5 20. Bxg5 Kg8 21. Rxh7
Bxh7 22. Bh6 Rf7 23. Qg4+ Kh8 24. Ng3 Rg8 25. Nf5 Bxf5 26. Qxf5 Qg3 27. Qf1 Rh7
28. Bf4 Qxh3 29. Kf2 Qh4+ 30. Ke3 Rg4 31. Qf2 Qh1 32. a4 Rxg2 33. Ke2 Rxf2+ 34.
Kxf2 Qf3+ 0-1

[Event "Let's Play Chess!"]
[Site "http://www.queenalice.com/game.php?id=883533"]
[Date "2011.1.9"]
[Round "-"]
[White "bishopali"]
[Black "Liammason"]
[Result "1-0"]
[WhiteElo "1515"]
[BlackElo "1503"]

1. e4 Nc6 2. c3 e5 3. Bb5 Nge7 4. Nf3 d6 5. h3 a6 6. Bc4 b5 7. Bb3 Ng6 8. d3 Be7
9. Bd5 Bb7 10. h4 Bxh4 11. g3 Bf6 12. Rh5 O-O 13. Bg5 h6 14. Bh4 Nxh4 15. gxh4
Rb8 16. d4 exd4 17. cxd4 Ne7 18. Nc3 Nxd5 19. exd5 Re8+ 20. Ne2 Bxd5 21. Rxd5 c6
22. Rh5 Re4 23. Rc1 Qe7 24. Rc2 Bxh4 25. Rxc6 Re8 26. Rc2 Kh7 27. Nxh4 Rxh4 28.
Rxh4 Qxh4 29. Kd2 Qe4 30. Rc7 f5 31. Rd7 d5 32. Qf1 Qe6 33. Rc7 Qb6 34. Rc3 g5
35. Qh3 g4 36. Qh5 Qe6 37. Rc7+ Kg8 38. Nf4 Qe1+ 39. Kc2 Qxf2+ 40. Kb3 Re3+ 41.
Kb4 Qxb2+ 42. Kc5 Rc3+ 43. Kb6 Rxc7 44. Qg6+ Rg7 45. Qe6+ Kh7 46. Qxf5+ Kg8 47.
Ne6 Kh8 48. Qf8+ 1-0

[Event "Let's Play Chess!"]
[Site "http://www.queenalice.com/game.php?id=883534"]
[Date "2011.1.9"]
[Round "-"]
[White "Liammason"]
[Black "bishopali"]
[Result "1-0"]
[WhiteElo "1483"]
[BlackElo "1533"]

1. e4 e5 2. f4 Nc6 3. Nf3 exf4 4. Bc4 Nh6 5. h3 Bc5 6. c3 Qe7 7. d3 O-O 8. Bxf4
d6 9. b4 b5 10. Bxb5 Nd8 11. bxc5 c6 12. Bxd6 Qe8 13. Bxf8 a6 14. Bxg7 Kxg7 15.
Bc4 Qe7 16. O-O Qxc5+ 17. Kh1 Qh5 18. Qb3 Bxh3 19. gxh3 Ng4 20. Nh2 Ra7 21. hxg4
Qg6 22. Nd2 Ne6 23. Bxe6 fxe6 24. Qb8 Rf7 25. Rxf7+ Qxf7 26. Rf1 Qe7 27. g5 e5
28. Rf5 Qa3 29. Qc7+ Kg6 30. Qf7# 1-0

[Event "Challenge"]
[Site "http://www.queenalice.com/game.php?id=884747"]
[Date "2011.1.12"]
[Round "-"]
[White "catfishcore"]
[Black "bishopali"]
[Result "1-0"]
[WhiteElo "1641"]
[BlackElo "1531"]

1. d4 e6 2. Nf3 Bd6 3. e4 h6 4. g3 Nf6 5. e5 Ne4 6. Bd3 Nf6 7. exd6 cxd6 8. Bf4
Qb6 9. b3 Qb4+ 10. Bd2 Qb6 11. O-O Qc6 12. Nc3 a6 13. Re1 h5 14. Nh4 d5 15. Ne2
d6 16. Nf4 g6 17. Nhxg6 Rg8 18. Nh4 Ng4 19. Rc1 Nd7 20. Nxe6 Nde5 21. Bh7 Rh8
22. Ng5 1-0

[Event "Challenge"]
[Site "http://www.queenalice.com/game.php?id=884748"]
[Date "2011.1.12"]
[Round "-"]
[White "bishopali"]
[Black "catfishcore"]
[Result "0-1"]
[WhiteElo "1519"]
[BlackElo "1653"]

1. Nf3 e6 2. e4 d5 3. c3 dxe4 4. Qa4+ Bd7 5. Qxe4 Bc6 6. Qf4 Nd7 7. Bd3 Bd6 8.
Qg4 g6 9. O-O h6 10. Re1 Ndf6 11. Qg3 Bxg3 12. Bc4 Bd5 13. d3 Bxc4 14. dxc4 Bd6
15. Be3 b6 16. g3 g5 17. Bd4 Qe7 18. Nbd2 Rh7 19. Be5 Bxe5 20. Nxe5 Qd6 21. Rad1
Qc5 22. Ne4 Qxe5 0-1